000 00319nam a22001217a 4500
999 _c8528
_d8528
008 200316b ||||| |||| 00| 0 eng d
100 _aNanda, Sanju
245 _aCosmetic Technology
250 _aReprint 2019
260 _aDelhi
_bBirla Publications
650 _aPharmaceutical Dosage form /Cosmetic
942 _2ddc
_cBK